New industrial base initiative : hearings before the Subcommittee on Economic Stabilization of the Committee on Banking, Finance, and Urban Affairs, House of Representatives, One Hundredth Congress, first session, July 8, 28; September 15, 16, 23, 29, and 30, 1987.

Bibliographic Details
Corporate Authors: United States. Congress. House. Committee on Banking, Finance, and Urban Affairs. Subcommittee on Economic Stabilization, ProQuest (Firm)
Format: Government Document eBook
Language:English
Published: Washington : U.S. G.P.O., 1988.
Series:U.S. Congressional Hearings.
Subjects:
Online Access:Connect to the full text of this electronic book

MARC

Tag First Indicator Second Indicator Subfields
LEADER 00000cam a22000001a 4500
001 in00003216005
006 m d f
007 cr bn mmmapmmp
008 091020s1988 dcua ob f000 0 eng d
005 20260604201539.4
035 |a cis2007453079 
040 |a UMI  |c UMI  |d UtOrBLW 
043 |a n-us--- 
074 |a 1013-A, 1013-B (microfiche) 
086 0 |a Y 4.B 22/1:100-22 
088 |a Serial no. 100-22 (United States. Congress. House. Committee on Banking, Finance, and Urban Affairs) 
099 |a HRG-1987-BFU-0031 
110 1 |a United States.  |b Congress.  |b House.  |b Committee on Banking, Finance, and Urban Affairs.  |b Subcommittee on Economic Stabilization. 
245 1 0 |a New industrial base initiative :  |b hearings before the Subcommittee on Economic Stabilization of the Committee on Banking, Finance, and Urban Affairs, House of Representatives, One Hundredth Congress, first session, July 8, 28; September 15, 16, 23, 29, and 30, 1987. 
264 1 |a Washington :  |b U.S. G.P.O.,  |c 1988. 
300 |a 1 online resource. 
336 |a text  |b txt  |2 rdacontent 
337 |a computer  |b c  |2 rdamedia 
338 |a online resource  |b cr  |2 rdacarrier 
500 |a Record is based on bibliographic data in ProQuest Congressional Hearings Digital Collection. Reuse except for individual research requires license from ProQuest, LLC. 
504 |a Bibliography: pages 512-514. 
538 |a System requirements: PDF reader software. 
500 |a Electronic resource. 
650 0 |a Industrial promotion  |z United States. 
650 0 |a Industrial productivity  |z United States. 
650 0 |a Inflation (Finance)  |z United States  |x Effect of productivity on. 
650 0 |a Industrial policy  |z United States. 
655 7 |a Electronic books.  |2 local 
710 2 |a ProQuest (Firm) 
776 0 8 |i Print version:  |a United States. Congress. House. Committee on Banking, Finance, and Urban Affairs. Subcommittee on Economic Stabilization.  |t New industrial base initiative  |w (OCoLC)17613207  |w gp 88010050 
776 0 8 |i Microfiche version:  |a United States. Congress. House. Committee on Banking, Finance, and Urban Affairs. Subcommittee on Economic Stabilization.  |t New industrial base initiative.  |d [Bethesda, Md.] : ProQuest,[2004]  |o CIS 88 H241-11  |w (ProQuest)cis08800256 
830 0 |a U.S. Congressional Hearings. 
856 4 0 |u http://proxy.library.tamu.edu/login?url=https://congressional.proquest.com/congcomp/getdoc?HEARING-ID=HRG-1987-BFU-0031  |z Connect to the full text of this electronic book  |t 0 
998 |a cis08800256 
999 |a MARS 
999 f f |s 77b816e9-9e55-3cc8-b018-85a779da0533  |i abed6b9d-6a75-308b-b93b-cac006c16f7e  |t 0 
952 f f |a Texas A&M University  |b College Station  |c Electronic Resources  |s www_evans  |d Available Online  |t 0  |e HRG-1987-BFU-0031  |h Other scheme 
998 f f |a HRG-1987-BFU-0031  |t 0  |l Available Online